00661nam a2200241 a 4500001001300000003000900013005001700022008004100039020001000080082001500090100001800105245002500123260003700148300000800185500003500193505001000228650001300238700001800251902000800269942000700277952011800284999001700402nice12345678IN_TiNIC20260116015145.0050524s1955 newa grp 000 0 eng  ac10000a294.5bPIT aPitt, Malcolm aIntroducing Hinduism aNew YorkbFriendship Pressc1955 a59p aincludes index and biblioraphy2 aIndex aHinduism1 aPitt, Malcolm bSRS cBK 001040708StackRoom-aHMIbHMId2007-07-23g100.00l0o294.5 PITp11000146r2007-07-23v100.00w2005-05-24yBK c18539d18539